| 000 | 00000nam 2200000za 4500 |
| 001 | 9.691989 |
| 003 | CaOODSP |
| 005 | 20230131161135 |
| 007 | cr ||||||||||| |
| 008 | 150407s2011||||xxcabo|#o f000 0 eng d |
| 020 | |a978-1-100-12103-1 |
| 040 | |aCaOODSP|beng |
| 043 | |an-cn-nf |
| 086 | 1 |aM4-59/8-2009E-PDF |
| 245 | 04|aThe 1929 "Grand Banks" earthquake and tsunami |h[electronic resource] |
| 260 | |aOttawa : |bNatural Resources Canada, |cc2011. |
| 300 | |a[2] p. : |bcoloured maps, photographs |
| 490 | 1 |aGeofacts |
| 500 | |aCaption title. |
| 500 | |aIncorrect catalogue number (M4-59/4-2010E-PDF) and ISBN (978-1-100-12101-7) copied in this electronic publication. |
| 500 | |aIssued also in French under title: Le séisme et le tsunami des « Grands Bancs » en 1929. |
| 590 | |a14-12-Supp|b2014-05-30 |
| 690 | 07|aAtlantic provinces|2gcpds |
| 690 | 07|aEarthquakes|2gcpds |
| 710 | 2 |aGeological Survey of Canada. |
| 775 | 08|tLe séisme et le tsunami des « Grands Bancs » en 1929 |w(CaOODSP)9.636269 |
| 776 | 0#|tThe 1929 "Grand Banks" earthquake and tsunami |w(CaOODSP)9.651519 |
| 830 | #0|aGeofacts. |
| 856 | 40|ahttp://publications.gc.ca|qPDF|s1.97 MB|uhttps://publications.gc.ca/collections/collection_2014/rncan-nrcan/M4-59-8-2009-eng.pdf |